| 000 | 00504nam a2200157 a 4500 | ||
|---|---|---|---|
| 001 | 000030328 | ||
| 005 | 20200930060233.0 | ||
| 008 | 110510s1999 dr 000 0 spa d | ||
| 040 |
_aDO-SdBNP _bspa _cBNPHU |
||
| 082 |
_axxxx _bR426i |
||
| 110 | 1 |
_aRepública Dominicana. _bCentro Nacional de Investigaciones en Salud Marterno Infantil _956991 |
|
| 245 | 0 | _aInforme anual 1999. | |
| 260 |
_aSanto Domingo : _bHospital de Niños Robert Reid Cabral, _c[1999?]. |
||
| 300 |
_a22 p. ; _c27 cm. |
||
| 049 | _aBNPD | ||
| 999 |
_c29820 _d29820 |
||